00270nam a22000737a 4500100002500000245012500025260003600150300001000186 aSwami Tathagatananda aCelebrating Swami Vivekananda :bEssays for the 150th birth anniversary of Swami Tathagatanandacby Swami Tathagatananda aNew YorkbVadanta Societyc2013 a184p.